000 00542cam a2200205 a 4500
001 2436748
005 20180202095000.0
008 880524s1989 nyua 001 0 eng
010 _a 88012901
020 _a002398130X
040 _aDLC
_cDLC
_dDLC
041 _aeng
080 _a808/.042 JOH
082 0 0 _a808/.042 JOH
_219
100 1 _a38
101 _aEDU
245 1 0 _aWriting arguments :
_cJohn D. Ramage, John C. Bean.
906 _a7
_bcbc
_corignew
_d1
_eocip
_f19
_gy-gencatlg
942 _2ddc
_cBK
999 _c41709
_d41709